000 00510nam a2200181Ia 4500
001 34607
008 140418s9999 xx 000 0 und d
020 _a1860646220
040 _cPK-LaUMT
082 _a 956.7043
_bFAR-I
100 _aFaroul-Sluglett, Marion
245 _aIraq since 1958
_bfrom revolution to dictatorship
_cFaroul-Sluglett, Marion<>Sluglett, Peter
260 _aLondon,UK:
_bI. B. Tauris Publishers,
_c2001
300 _a390 p.
546 _aEN
700 _aSluglett, Peter
942 _cBK
999 _c34125
_d34125